Physics and chemistry of the earth (Record no. 1669)

MARC details
000 -LEADER
fixed length control field 00593nam a2200217Ia 4500
003 - CONTROL NUMBER IDENTIFIER
control field IN-BaIIA
008 - FIXED-LENGTH DATA ELEMENTS--GENERAL INFORMATION
fixed length control field 211028s9999 xx 000 0 eng d
040 ## - CATALOGING SOURCE
Transcribing agency IIA Library
080 ## - UNIVERSAL DECIMAL CLASSIFICATION NUMBER
Universal Decimal Classification number 550.3
Item number AHR
100 ## - MAIN ENTRY--PERSONAL NAME
Personal name Ahrens, L. H.
9 (RLIN) 3303
245 #0 - TITLE STATEMENT
Title Physics and chemistry of the earth
Statement of responsibility, etc. L. H. Ahrens, Kalervo Rankama and S. K. Runcorn.
260 ## - PUBLICATION, DISTRIBUTION, ETC.
Place of publication, distribution, etc. New York
Name of publisher, distributor, etc. McGraw-Hill
Date of publication, distribution, etc. 1956
300 ## - PHYSICAL DESCRIPTION
Extent viii, 317p
650 ## - SUBJECT ADDED ENTRY--TOPICAL TERM
Topical term or geographic name entry element Chemistry
650 ## - SUBJECT ADDED ENTRY--TOPICAL TERM
Topical term or geographic name entry element Earth
650 ## - SUBJECT ADDED ENTRY--TOPICAL TERM
Topical term or geographic name entry element NASA Thesaurus
650 ## - SUBJECT ADDED ENTRY--TOPICAL TERM
Topical term or geographic name entry element Physics
9 (RLIN) 73
700 ## - ADDED ENTRY--PERSONAL NAME
Personal name Rankama, Kaler Vo
9 (RLIN) 3304
700 ## - ADDED ENTRY--PERSONAL NAME
Personal name Runcorn, S. K.
9 (RLIN) 3305
942 ## - ADDED ENTRY ELEMENTS (KOHA)
Koha item type Books
Holdings
Withdrawn status Lost status Damaged status Not for loan Home library Current library Shelving location Date acquired Cost, normal purchase price Total Checkouts Full call number Barcode Date last seen Cost, replacement price Price effective from Koha item type Purchase Price
        IIA Library-Bangalore IIA Library-Kodaikanal General Stacks   36.00   550.3/ AHR 1830 05/11/2021 36.00   Books Rs. 36.00

Powered by Koha